Korappappanu sthuthiyayirikkatte(കോരപ്പാപ്പന് സ്തുതിയായിരിക്കട്ടെ) (Record no. 115286)
[ view plain ]
| 000 -LEADER | |
|---|---|
| fixed length control field | 00509 a2200157 4500 |
| 005 - DATE AND TIME OF LATEST TRANSACTION | |
| control field | 20260413094256.0 |
| 008 - FIXED-LENGTH DATA ELEMENTS--GENERAL INFORMATION | |
| fixed length control field | 260410b |||||||| |||| 00| 0 eng d |
| 020 ## - INTERNATIONAL STANDARD BOOK NUMBER | |
| International Standard Book Number | 9789370988804 |
| 080 ## - UNIVERSAL DECIMAL CLASSIFICATION NUMBER | |
| Universal Decimal Classification number | FM |
| Item number | RAM/K |
| 100 ## - MAIN ENTRY--PERSONAL NAME | |
| Personal name | Ramakrishnan,T. D. |
| 245 ## - TITLE STATEMENT | |
| Title | Korappappanu sthuthiyayirikkatte(കോരപ്പാപ്പന് സ്തുതിയായിരിക്കട്ടെ) |
| 260 ## - PUBLICATION, DISTRIBUTION, ETC. (IMPRINT) | |
| Name of publisher, distributor, etc | D C books |
| Place of publication, distribution, etc | Kottayam |
| Date of publication, distribution, etc | 2026 |
| 300 ## - PHYSICAL DESCRIPTION | |
| Extent | 422p. |
| 653 ## - INDEX TERM--UNCONTROLLED | |
| Uncontrolled term | Fiction-Novel-Malayalam Literature |
| 942 ## - ADDED ENTRY ELEMENTS (KOHA) | |
| item type | Books |
| Lost status | Source of classification or shelving scheme | Not for loan | Home library | Current library | Date acquired | Cost, normal purchase price | Total Checkouts | Full call number | Barcode | Date last seen | Cost, replacement price | Price effective from | Koha item type | Public note |
|---|---|---|---|---|---|---|---|---|---|---|---|---|---|---|
| Universal Decimal Classification | Not For Loan | University Library | University Library | 27/02/2026 | 399.35 | FM RAM/K | 00097367 | 27/02/2026 | 599.00 | 27/02/2026 | Books | Processing |
